[Event "NRW Class2 0304"]
[Site "Germany"]
[Date "2003.10.12"]
[Round "2.1"]
[White "Malykin, Vitaly"]
[Black "Buenermann, Volker"]
[Result "1-0"]
[WhiteElo "2392"]
[BlackElo "2314"]
[PlyCount "89"]
[EventDate "2003.09.28"]
[EventType "team"]
[EventRounds "9"]
[EventCountry "GER"]
[SourceTitle "CBM 098 Extra"]
[Source "ChessBase"]
[SourceDate "2004.03.10"]
[SourceVersion "2"]
[SourceVersionDate "2004.03.10"]
[SourceQuality "1"]
[WhiteTeam "Koeln Porz III"]
[BlackTeam "Bielefeld"]
[WhiteTeamCountry "GER"]
[BlackTeamCountry "GER"]

1. Nf3 Nf6 2. c4 g6 3. Nc3 Bg7 4. e4 d6 5. d4 0-0 6. Be2 a5 7. 0-0 Na6 8. Be3 e5 9. d5 Nd7 10. Nd2 Ndc5 11. a3 Bd7 12. b3 f5 13. f3 Bf6 14. Rb1 Bg5 15. Bf2 Bf4 16. h4 fxe4 17. Ndxe4 Nxe4 18. Nxe4 Bf5 19. b4 axb4 20. axb4 Bxe4 21. fxe4 Bh6 22. g3 Nb8 23. Ra1 Nd7 24. Kg2 Nf6 25. Qd3 Qd7 26. c5 Ng4 27. Bg1 Rxf1 28. Rxa8+ Rf8 29. c6 bxc6 30. dxc6 Qe6 31. Qc4 Qxc4 32. Bxc4+ Kg7 33. Rxf8 Kxf8 34. Kf3 Nf6 35. b5 Ne8 36. b6 cxb6 37. Bxb6 Ke7 38. c7 Nxc7 39. Bxc7 Bd2 40. Bb6 Bc3 41. Be3 Be1 42. Bh6 Bb4 43. Bg8 Be1 44. Kg2 Kf6 45. Kh3 1-0

[Event "NRW Class2 0304"]
[Site "Germany"]
[Date "2003.09.28"]
[Round "1.1"]
[White "Buenermann, Volker"]
[Black "Hintze, Helge"]
[Result "1-0"]
[WhiteElo "2314"]
[BlackElo "2291"]
[PlyCount "125"]
[EventDate "2003.09.28"]
[EventType "team"]
[EventRounds "9"]
[EventCountry "GER"]
[SourceTitle "CBM 098 Extra"]
[Source "ChessBase"]
[SourceDate "2004.03.10"]
[SourceVersion "2"]
[SourceVersionDate "2004.03.10"]
[SourceQuality "1"]
[WhiteTeam "Bielefeld"]
[BlackTeam "Hagen"]
[WhiteTeamCountry "GER"]
[BlackTeamCountry "GER"]

1. e4 e6 2. d4 d5 3. Nc3 Bb4 4. e5 c5 5. a3 Bxc3+ 6. bxc3 Ne7 7. Qg4 0-0 8. Bd3 Qa5 9. Ne2 Nbc6 10. Bg5 Ng6 11. 0-0 c4 12. Bxg6 fxg6 13. a4 Rf7 14. Rfb1 Qc7 15. Bc1 b6 16. Ba3 Bd7 17. Nf4 Qd8 18. Nxd5 exd5 19. e6 Rf5 20. exd7 Qxd7 21. Re1 Re8 22. Rxe8+ Qxe8 23. Kf1 Qd7 24. Qe2 Kf7 25. Re1 Rf6 26. Qe3 h6 27. h4 Re6 28. Qf4+ Rf6 29. Qe3 Re6 30. Qf4+ Rf6 31. Qg3 Kg8 32. Re2 Kf7 33. Qe3 Re6 34. Qh3 Ne7 35. Bxe7 Kxe7 36. Rxe6+ Qxe6 37. Qg3 a5 38. Qc7+ Kf8 39. Qd8+ Kf7 40. g3 Qc6 41. Kg2 b5 42. axb5 Qxb5 43. Qa8 a4 44. Kh2 Qd7 45. Kg2 h5 46. Kg1 g5 47. hxg5 Kg6 48. f4 Kf5 49. Kf2 Qe6 50. Qxa4 h4 51. gxh4 Kxf4 52. Qb4 Qe3+ 53. Kf1 Kf3 54. Qf8+ Qf4 55. Qxf4+ Kxf4 56. Kf2 Kg4 57. Ke3 g6 58. h5 Kxh5 59. Kf4 Kh4 60. Ke5 Kxg5 61. Kxd5 Kf4 62. Kxc4 g5 63. Kd3 1-0

[Event "BL2-West 0102"]
[Site "Germany"]
[Date "2002.01.20"]
[Round "4.7"]
[White "Buenermann, Volker"]
[Black "Konings, Leon"]
[Result "1-0"]
[WhiteElo "2312"]
[BlackElo "2293"]
[PlyCount "109"]
[EventDate "2001.10.07"]
[EventType "team-tourn"]
[EventRounds "9"]
[EventCountry "GER"]
[SourceTitle "CBM 088 Extra"]
[Source "ChessBase"]
[SourceDate "2002.07.01"]
[SourceVersion "2"]
[SourceVersionDate "2002.07.01"]
[SourceQuality "1"]
[WhiteTeam "Essen Borbeck"]
[BlackTeam "Koeln Porz II"]
[WhiteTeamCountry "GER"]
[BlackTeamCountry "GER"]

1. e4 c6 2. d4 d5 3. e5 Bf5 4. Nf3 e6 5. Be2 Nd7 6. 0-0 Be7 7. c4 dxc4 8. Bxc4 g5 9. Nc3 h5 10. Be3 Nh6 11. Nd2 h4 12. Nde4 Nb6 13. Bb3 Nd5 14. Nxd5 exd5 15. Nc3 Qd7 16. Rc1 Be6 17. Na4 Nf5 18. Nc5 Bxc5 19. Rxc5 Rg8 20. Ba4 g4 21. Qe2 g3 22. fxg3 hxg3 23. h3 Qd8 24. Bc2 Ne7 25. Qh5 Qb6 26. Qh4 Kd7 27. Bg5 Rae8 28. Bxe7 Rxe7 29. Qf4 Kc7 30. Bb3 a5 31. Qd2 Ra8 32. Rfc1 a4 33. Bxd5 Bxd5 34. Rxd5 Kb8 35. Rdc5 a3 36. b3 Ra6 37. Qf4 Ka7 38. Qxg3 Qb4 39. Qc3 Qb6 40. Qc4 Qd8 41. Rf1 Rd7 42. Rf4 Qg5 43. Qf1 Qg6 44. Kh2 Qh7 45. Qf2 Ka8 46. Rc3 Qb1 47. e6 fxe6 48. Rf8+ Ka7 49. d5+ Rb6 50. Rc4 c5 51. Ra4+ Ra6 52. Qxc5+ b6 53. Rxa6+ Kxa6 54. Ra8+ Kb7 55. Qc6# 1-0

[Event "Oberliga NRW 0001 I"]
[Site "NRW"]
[Date "2001.05.06"]
[Round "9.2"]
[White "Buenermann, Volker"]
[Black "Zajogin, Alexander"]
[Result "0-1"]
[WhiteElo "2313"]
[BlackElo "2392"]
[PlyCount "88"]
[EventDate "2000.09.24"]
[EventType "team"]
[EventRounds "9"]
[EventCountry "GER"]
[SourceTitle "EXT 2006"]
[Source "ChessBase"]
[SourceDate "2005.11.24"]
[SourceVersion "1"]
[SourceVersionDate "2005.11.24"]
[SourceQuality "1"]
[WhiteTeam "Essen Borbeck"]
[BlackTeam "Betzdorf Kirchen"]
[WhiteTeamCountry "GER"]
[BlackTeamCountry "GER"]

1. e4 e5 2. Nf3 Nc6 3. Bb5 Nf6 4. Qe2 a6 5. Ba4 b5 6. Bb3 Bc5 7. c3 d6 8. 0-0 0-0 9. Rd1 Bb6 10. h3 Bb7 11. d3 Ne7 12. Nh4 h6 13. Nd2 g5 14. Ndf3 gxh4 15. Nxh4 Kh7 16. Bxh6 Kxh6 17. Qd2+ Kh7 18. Qg5 Nfg8 19. g4 Nh6 20. Qh5 f6 21. Nf5 Nexf5 22. gxf5 Qe8 23. Qh4 d5 24. Kh2 Rg8 25. Rg1 Rg5 26. Rxg5 fxg5 27. Qxg5 Bxf2 28. Rf1 Bc5 29. exd5 Qg8 30. h4 Be3 31. Qe7+ Qf7 32. d6 Qxe7 33. dxe7 Ng4+ 34. Kh3 Nf6 35. Bf7 Bc5 36. Bg6+ Kg7 37. Re1 Bxe7 38. Rxe5 Bd6 39. Re1 Bc6 40. h5 Be8 41. Kh4 Bxg6 42. Rg1 Rh8 43. Rxg6+ Kf7 44. h6 Bf4 0-1